[Event "Swiss-544.4.08"]
[Site "IECC email"]
[Date "2010.11.15"]
[Round "?"]
[White "Robertson, John"]
[Black "Cooper, Andrew"]
[Result "1/2-1/2"]
[WhiteElo "1145"]
[BlackElo "909"]
[PlyCount "100"]
[EventDate "2010.??.??"]
[EventType "tourn (corr)"]
[SourceTitle "Telechess CBM 145"]
[Source "Chessbase"]
[SourceDate "2011.11.11"]
[SourceVersion "1"]
[SourceVersionDate "2011.11.11"]
[SourceQuality "1"]
[WhiteTeam "Australia"]
[BlackTeam "Australia"]
[WhiteTeamCountry "AUS"]
[BlackTeamCountry "AUS"]

1. e4 c6 2. d4 d5 3. e5 Bf5 4. Nf3 e6 5. Bd3 Bb4+ 6. Bd2 Qb6 7. Bxf5 exf5 8. c3 Ba5 9. b4 Ne7 10. bxa5 Qxa5 11. c4 Qb6 12. c5 Qb2 13. Nc3 0-0 14. 0-0 b6 15. Na4 Qa3 16. cxb6 axb6 17. Nc3 Qb2 18. Rb1 Qa3 19. Qc2 Qa6 20. Ne2 Qxe2 21. Rxb6 Nd7 22. Rb7 Rfd8 23. a4 Qa6 24. Rb2 Qxa4 25. Qxa4 Rxa4 26. Rb4 Rda8 27. Rfb1 c5 28. dxc5 Nc6 29. Rb5 Ra1 30. Bc3 Rxb1+ 31. Rxb1 Nxc5 32. h3 Ne6 33. Rd1 d4 34. Nxd4 Nexd4 35. Bxd4 Nxd4 36. Rxd4 Kf8 37. g3 Ke7 38. f4 Ra2 39. h4 f6 40. exf6+ Kxf6 41. Rd1 Kg6 42. Rd5 Kh5 43. Rd7 g6 44. Rd3 h6 45. Kf1 g5 46. fxg5 hxg5 47. Rd5 gxh4 48. gxh4 Kxh4 49. Rxf5 Kh3 50. Rg5 Kh4 1/2-1/2

[Event "IECC CL8-2010.01 email"]
[Site "IECC email"]
[Date "2010.06.08"]
[Round "?"]
[White "Caprioli, Vincenzo"]
[Black "Cooper, Andrew"]
[Result "1-0"]
[WhiteElo "990"]
[BlackElo "933"]
[PlyCount "57"]
[EventDate "2010.??.??"]
[EventType "tourn (corr)"]
[EventRounds "4"]
[SourceTitle "Telechess CBM 149"]
[Source "ChessBase"]
[SourceDate "2012.07.17"]
[SourceVersion "1"]
[SourceVersionDate "2012.07.17"]
[SourceQuality "1"]
[WhiteTeam "Italy"]
[BlackTeam "Australia"]
[WhiteTeamCountry "ITA"]
[BlackTeamCountry "AUS"]

1. e4 c6 2. d4 d5 3. Nc3 dxe4 4. Nxe4 Bf5 5. Ng3 Bg6 6. Nf3 Nf6 7. c3 e5 8. Nxe5 Bh5 9. Be2 Bd6 10. Nxh5 Nxh5 11. Nxf7 Kxf7 12. Bxh5+ g6 13. Bg4 Re8+ 14. Be3 Qg5 15. Kd2 Bf4 16. Qf3 Kg8 17. Bxf4 Qb5 18. Kc2 h5 19. Bh3 Re2+ 20. Bd2 Na6 21. Rhe1 Rae8 22. Rxe2 Rxe2 23. Re1 Rxe1 24. Bxe1 Qf1 25. Be6+ Kg7 26. Qf7+ Kh6 27. Bd2+ g5 28. Bf5 Qxf2 29. Qg6# 1-0

[Event "IECC CL8-2009.07 email"]
[Site "IECC email"]
[Date "2010.02.19"]
[Round "?"]
[White "Campbell, Graham G"]
[Black "Cooper, Andrew"]
[Result "1-0"]
[WhiteElo "1000"]
[BlackElo "894"]
[PlyCount "103"]
[EventDate "2010.??.??"]
[EventType "tourn (corr)"]
[EventRounds "4"]
[SourceTitle "Telechess CBM 149"]
[Source "ChessBase"]
[SourceDate "2012.07.17"]
[SourceVersion "1"]
[SourceVersionDate "2012.07.17"]
[SourceQuality "1"]
[WhiteTeam "US of America"]
[BlackTeam "Australia"]
[WhiteTeamCountry "USA"]
[BlackTeamCountry "AUS"]

1. e4 c6 2. d4 d5 3. Nc3 g6 4. e5 Bf5 5. Bd3 Qa5 6. Bxf5 gxf5 7. Bd2 Bh6 8. Bxh6 Nxh6 9. Qh5 Ng4 10. Qxf5 Rg8 11. Qxh7 Rg6 12. Qh8+ Kd7 13. Qh3 Na6 14. f3 Rag8 15. fxg4 Rxg4 16. 0-0-0 e6 17. g3 Nb4 18. a3 Na2+ 19. Nxa2 Qd8 20. Qf1 Qg5+ 21. Kb1 Qf5 22. Qxf5 exf5 23. Ne2 Re4 24. Nac3 Re3 25. Rd3 f4 26. Rxe3 fxe3 27. h4 b5 28. Rf1 Ke6 29. Rf3 a5 30. Rxe3 b4 31. axb4 axb4 32. Nd1 Rc8 33. h5 c5 34. dxc5 Rxc5 35. g4 Rc4 36. Nf2 d4 37. Re4 Rc8 38. Nxd4+ Kd5 39. Nf5 Ke6 40. Nh3 f6 41. exf6+ Kxf6 42. Nf4 Kg5 43. Ng6 Rd8 44. Rxb4 Rd1+ 45. Ka2 Rg1 46. Rd4 Rxg4 47. Rxg4+ Kxg4 48. h6 Kxf5 49. h7 Kxg6 50. h8Q Kf7 51. Qd8 Ke6 52. c4 1-0

[Event "Bunratty Masters op"]
[Site "Bunratty"]
[Date "2001.02.18"]
[Round "6"]
[White "Cooper, Andrew"]
[Black "Orr, Mark JL"]
[Result "0-1"]
[WhiteElo "2152"]
[BlackElo "2315"]
[PlyCount "46"]
[EventDate "2001.02.19"]
[EventType "swiss"]
[EventRounds "6"]
[EventCountry "IRL"]
[SourceTitle "CBM 080 Extra"]
[Source "ChessBase"]
[SourceDate "2001.03.08"]
[SourceVersion "1"]
[SourceVersionDate "2001.03.08"]
[SourceQuality "1"]

1. d4 d5 2. c4 c6 3. Nf3 Nf6 4. Nc3 dxc4 5. a4 Bf5 6. Ne5 e6 7. Nxc4 c5 8. Be3 cxd4 9. Qxd4 Nc6 10. Qh4 Ne4 11. Qxd8+ Rxd8 12. Nxe4 Bxe4 13. f3 Bd5 14. Rc1 Bxc4 15. Rxc4 Bb4+ 16. Kf2 Rd1 17. g3 Be1+ 18. Kg2 0-0 19. Kh3 Bd2 20. Bc5 Rc8 21. Bg2 Rxh1 22. Bxh1 Na5 23. Rc2 Nb3 0-1

[Event "BCF-chT3a 0001 (4NCL)"]
[Site "Birmingham"]
[Date "2000.09.23"]
[Round "1.2"]
[White "Cooper, Andrew"]
[Black "Wallace, Paul Anthony"]
[Result "1/2-1/2"]
[WhiteElo "2152"]
[BlackElo "2209"]
[PlyCount "58"]
[EventDate "2000.11.26"]
[EventType "team-tourn"]
[EventRounds "7"]
[EventCountry "ENG"]
[SourceTitle "EXT 2002"]
[Source "ChessBase"]
[SourceDate "2001.11.25"]
[SourceVersion "1"]
[SourceVersionDate "2001.11.25"]
[SourceQuality "1"]
[WhiteTeam "Beeson Gregory III"]
[BlackTeam "Warwicks Select"]
[WhiteTeamCountry "ENG"]
[BlackTeamCountry "ENG"]

1. d4 Nf6 2. c4 e5 3. dxe5 Ng4 4. Bf4 Nc6 5. Nf3 Bb4+ 6. Nc3 Bxc3+ 7. bxc3 Qe7 8. Qd5 f6 9. exf6 Nxf6 10. Qd3 d6 11. g3 0-0 12. Nd4 Ne5 13. Bxe5 dxe5 14. Nf5 Qc5 15. Ne3 Be6 16. Bg2 Rad8 17. Qc2 c6 18. 0-0 Ne8 19. Be4 h6 20. Nf5 Bxc4 21. Rab1 b6 22. Rbd1 Bd5 23. c4 Bxe4 24. Qxe4 Nd6 25. Nxh6+ gxh6 26. Qg6+ Kh8 27. Qxh6+ Kg8 28. Qg6+ Kh8 29. g4 e4 1/2-1/2

[Event "BCF-chT2 9900 (4NCL)"]
[Site "Birmingham"]
[Date "2000.04.30"]
[Round "10.1"]
[White "Cooper, Andrew"]
[Black "Townsend, Paul"]
[Result "1/2-1/2"]
[WhiteElo "2151"]
[BlackElo "2224"]
[PlyCount "64"]
[EventDate "1999.10.??"]
[EventType "team"]
[EventRounds "11"]
[EventCountry "ENG"]
[SourceTitle "EXT 2001"]
[Source "ChessBase"]
[SourceDate "2000.11.22"]
[SourceVersion "1"]
[SourceVersionDate "2000.11.22"]
[SourceQuality "1"]
[WhiteTeam "Invicta Knights Maidstone II"]
[BlackTeam "Thistle White Rose"]
[WhiteTeamCountry "ENG"]
[BlackTeamCountry "ENG"]

1. d4 Nf6 2. c4 e6 3. Nc3 Bb4 4. Qc2 Nc6 5. Nf3 d5 6. Bg5 h6 7. Bh4 g5 8. Bg3 g4 9. Ne5 Nxd4 10. Qa4+ Bd7 11. Nxd7 Nxd7 12. 0-0-0 Bxc3 13. bxc3 Nc6 14. cxd5 Nb6 15. Qe4 Nxd5 16. e3 Qe7 17. Kb2 0-0-0 18. Qa4 Nb6 19. Qxg4 Rxd1 20. Qxd1 Rd8 21. Qb3 Qd7 22. Bb5 Qd2+ 23. Qc2 Na5 24. Rc1 a6 25. Be2 Nac4+ 26. Ka1 Na3 27. Qb2 Nac4 28. Bxc4 Nxc4 29. Qb1 Na3 30. Qb2 Nc4 31. Qb1 Na3 32. Qb2 Nc4 1/2-1/2

[Event "BCF-chT2 9900 (4NCL)"]
[Site "Birmingham"]
[Date "2000.01.22"]
[Round "5.3"]
[White "Cooper, Andrew"]
[Black "James, Russell A"]
[Result "0-1"]
[WhiteElo "2132"]
[BlackElo "2204"]
[PlyCount "118"]
[EventDate "1999.10.??"]
[EventType "team"]
[EventRounds "11"]
[EventCountry "ENG"]
[SourceTitle "EXT 2001"]
[Source "ChessBase"]
[SourceDate "2000.11.22"]
[SourceVersion "1"]
[SourceVersionDate "2000.11.22"]
[SourceQuality "1"]
[WhiteTeam "Invicta Knights Maidstone II"]
[BlackTeam "Guildford II"]
[WhiteTeamCountry "ENG"]
[BlackTeamCountry "ENG"]

1. d4 e6 2. c4 b6 3. e4 Bb7 4. Bd3 Nc6 5. Nf3 Nb4 6. Nc3 Nxd3+ 7. Qxd3 Bb4 8. 0-0 Bxc3 9. bxc3 d6 10. Bg5 f6 11. Bh4 Qd7 12. a4 a5 13. Rfd1 Ne7 14. Qe3 0-0 15. c5 bxc5 16. dxc5 e5 17. c4 Qc6 18. cxd6 cxd6 19. Rab1 Qxe4 20. Qb3 Bc6 21. Rxd6 Rab8 22. Qxb8 Rxb8 23. Rxb8+ Kf7 24. h3 Nf5 25. Rdd8 Nxh4 26. Nxh4 Qxh4 27. Rdc8 Qxc4 28. Rc7+ Kg6 29. Rbc8 Qc1+ 30. Kh2 Qf4+ 31. Kg1 Bd5 32. Rd8 Qe4 33. f3 Qe3+ 34. Kh1 Be6 35. Re8 Bxh3 36. gxh3 Qxf3+ 37. Kh2 Qf2+ 38. Kh1 Qf1+ 39. Kh2 Qf2+ 40. Kh1 Qf3+ 41. Kh2 Qf4+ 42. Kg2 Qxa4 43. Ree7 Qe4+ 44. Kg3 Qe3+ 45. Kg2 Qd2+ 46. Kg3 Qe1+ 47. Kg2 Qe2+ 48. Kg3 h5 49. Rxg7+ Kf5 50. Rgf7 Qe3+ 51. Kg2 a4 52. Rg7 Qe2+ 53. Kg1 Qe3+ 54. Kh2 Qf4+ 55. Kg1 Qd4+ 56. Kh2 e4 57. Rc2 e3 58. Rgc7 Qe5+ 59. Kg2 e2 0-1

[Event "BCF-chT2 9900 (4NCL)"]
[Site "Birmingham"]
[Date "1999.11.21"]
[Round "4.1"]
[White "Cooper, Andrew"]
[Black "Houska, Jovanka"]
[Result "1-0"]
[WhiteElo "2151"]
[BlackElo "2251"]
[PlyCount "101"]
[EventDate "1999.10.??"]
[EventType "team"]
[EventRounds "11"]
[EventCountry "ENG"]
[SourceTitle "EXT 2001"]
[Source "ChessBase"]
[SourceDate "2000.11.22"]
[SourceVersion "1"]
[SourceVersionDate "2000.11.22"]
[SourceQuality "1"]
[WhiteTeam "Invicta Knights Maidstone II"]
[BlackTeam "Slough II"]
[WhiteTeamCountry "ENG"]
[BlackTeamCountry "ENG"]

1. d4 d5 2. c4 c6 3. Nf3 Nf6 4. Nc3 a6 5. g3 Bf5 6. Qb3 Ra7 7. Bf4 e6 8. Bg2 h6 9. 0-0 Be7 10. a4 Nbd7 11. Ne5 0-0 12. a5 Nxe5 13. Bxe5 Nd7 14. Bf4 b6 15. e4 dxe4 16. Nxe4 bxa5 17. Nd6 Bh7 18. Nb7 Qb6 19. Qxb6 Nxb6 20. Nxa5 Rd7 21. Nxc6 Bf6 22. b3 Bd3 23. Rfc1 Kh7 24. Rxa6 Nd5 25. Ne5 Bxe5 26. Bxe5 f6 27. Rxe6 fxe5 28. Bxd5 exd4 29. Rd1 Bf5 30. Re5 Bh3 31. Rxd4 Ra7 32. f4 g5 33. Re2 Ra3 34. c5 Rc8 35. c6 Ra1+ 36. Kf2 Kg6 37. b4 Rc1 38. Ke3 Bg4 39. Rf2 Re1+ 40. Kd2 Rce8 41. Bf3 Bxf3 42. Rxf3 R8e2+ 43. Kd3 Rxh2 44. c7 Rc1 45. Rc4 Rd1+ 46. Ke4 Rd7 47. Rc6+ Kh5 48. c8Q Re2+ 49. Kf5 Rf7+ 50. Rf6 g4 51. Qh8 1-0

[Event "BCF-chT 9900 (4NCL)"]
[Site "Birmingham"]
[Date "1999.10.10"]
[Round "2.7"]
[White "James, Dale R"]
[Black "Cooper, Andrew"]
[Result "0-1"]
[WhiteElo "2239"]
[BlackElo "2151"]
[PlyCount "80"]
[EventDate "1999.10.??"]
[EventType "team"]
[EventRounds "11"]
[EventCountry "ENG"]
[SourceTitle "EXT 2000"]
[Source "ChessBase"]
[SourceDate "1999.11.16"]
[SourceVersion "1"]
[SourceVersionDate "1999.11.16"]
[SourceQuality "1"]
[WhiteTeam "NW Eagles"]
[BlackTeam "HH"]
[WhiteTeamCountry "ENG"]
[BlackTeamCountry "ENG"]

1. e4 e6 2. Nf3 d5 3. e5 c5 4. c4 Ne7 5. Nc3 d4 6. Nb5 Ng6 7. Bd3 Nf4 8. Be4 a6 9. g3 Ng6 10. Na3 Nd7 11. d3 Ndxe5 12. Nxe5 Nxe5 13. f4 Ng6 14. 0-0 Bd6 15. Nc2 Rb8 16. Bd2 0-0 17. b4 Bd7 18. bxc5 Bxc5 19. Qh5 Be7 20. Ba5 b6 21. Be1 Ba4 22. Nb4 Qc7 23. f5 a5 24. fxe6 fxe6 25. Rxf8+ Bxf8 26. Nd5 exd5 27. Qxd5+ Kh8 28. Bd2 Bb4 29. Bxb4 axb4 30. Rf1 Qc5 31. Qe6 Qe7 32. Qd5 Ne5 33. Rf5 Re8 34. Qxd4 Qc5 35. Qf2 Qxf2+ 36. Kxf2 Bc2 37. Ke3 Nxc4+ 38. Kd4 Nd6 39. Rf4 Nxe4 40. Rxe4 Ba4 0-1

[Event "BCF-chT 9900 (4NCL)"]
[Site "Birmingham"]
[Date "1999.10.09"]
[Round "1.7"]
[White "Cooper, Andrew"]
[Black "Phillips, Roy Jean Noel"]
[Result "1-0"]
[WhiteElo "2151"]
[BlackElo "2257"]
[PlyCount "85"]
[EventDate "1999.10.??"]
[EventType "team"]
[EventRounds "11"]
[EventCountry "ENG"]
[SourceTitle "EXT 2000"]
[Source "ChessBase"]
[SourceDate "1999.11.16"]
[SourceVersion "1"]
[SourceVersionDate "1999.11.16"]
[SourceQuality "1"]
[WhiteTeam "HH"]
[BlackTeam "Richmond"]
[WhiteTeamCountry "ENG"]
[BlackTeamCountry "ENG"]

1. d4 Nf6 2. c4 e6 3. Nc3 Bb4 4. Qc2 0-0 5. a3 Bxc3+ 6. Qxc3 b5 7. cxb5 c6 8. e3 Qb6 9. bxc6 Nxc6 10. Nf3 Ba6 11. Bxa6 Qxa6 12. b4 Rab8 13. Bb2 Na5 14. Ne5 d6 15. Qd3 Qb7 16. Nf3 Rbc8 17. 0-0 Nc4 18. Bc3 Ne4 19. Rfc1 Rc7 20. Nd2 Nexd2 21. Bxd2 Rfc8 22. h3 d5 23. Rab1 Qa6 24. Rb3 h6 25. Rcb1 Qb5 26. Rc3 a6 27. Qc2 Rb8 28. Bc1 Qd7 29. e4 Rbc8 30. Qe2 dxe4 31. Qxe4 Nd6 32. Rxc7 Qxc7 33. Qd3 Qc6 34. Bf4 Qb5 35. Rd1 Nf5 36. d5 Rd8 37. d6 Qxd3 38. Rxd3 Rd7 39. g4 Nh4 40. Rc3 Ng6 41. Rc7 Rd8 42. Bg3 e5 43. Rc6 1-0

[Event "BCF-ch 86th"]
[Site "Scarborough"]
[Date "1999.08.02"]
[Round "2"]
[White "Cooper, Andrew"]
[Black "Williams, Simon Kim"]
[Result "0-1"]
[WhiteElo "2151"]
[BlackElo "2421"]
[PlyCount "44"]
[EventDate "1999.08.05"]
[EventType "swiss"]
[EventRounds "11"]
[EventCountry "ENG"]
[SourceTitle "CBM 071 Extra"]
[Source "ChessBase"]
[SourceDate "1999.09.14"]
[SourceVersion "1"]
[SourceVersionDate "1999.09.14"]
[SourceQuality "1"]

1. d4 e6 2. c4 f5 3. Nc3 Nf6 4. g3 Be7 5. Bg2 0-0 6. Nf3 d6 7. 0-0 a5 8. b3 Ne4 9. Bb2 Bf6 10. Qc2 Nxc3 11. Bxc3 Nc6 12. Rad1 Qe8 13. e4 e5 14. dxe5 dxe5 15. exf5 Qh5 16. Qe4 Bxf5 17. Qd5+ Kh8 18. Bxe5 Rfd8 19. Qb5 Rxd1 20. Rxd1 Nxe5 21. Qxb7 Re8 22. Qd5 c6 0-1

[Event "Kensington op 2nd"]
[Site "Imperial College London"]
[Date "1999.06.19"]
[Round "?"]
[White "Cooper, Andrew"]
[Black "Ledger, Andrew"]
[Result "1-0"]
[WhiteElo "2156"]
[BlackElo "2459"]
[PlyCount "109"]
[EventDate "1999.06.19"]
[EventType "swiss"]
[EventRounds "6"]
[EventCountry "ENG"]
[SourceTitle "EXT 2002"]
[Source "ChessBase"]
[SourceDate "2001.11.25"]
[SourceVersion "1"]
[SourceVersionDate "2001.11.25"]
[SourceQuality "1"]

1. d4 Nf6 2. c4 g6 3. Nc3 d5 4. Bf4 Bg7 5. e3 0-0 6. Rc1 c6 7. Nf3 Qa5 8. Bd3 dxc4 9. Bxc4 Nbd7 10. 0-0 c5 11. Nb5 a6 12. Nc7 Ra7 13. dxc5 Nxc5 14. a3 Nce4 15. Qd4 b6 16. Ne5 Rxc7 17. Bxf7+ Rxf7 18. Rxc7 Bf5 19. Qd8+ Rf8 20. Qxe7 Ne8 21. Nc4 Qd5 22. Be5 Qf7 23. Bxg7 Qxg7 24. Qxg7+ Nxg7 25. Nxb6 Rb8 26. Nc4 Be6 27. Rd1 h5 28. b4 Nc3 29. Rd3 Nb5 30. Rc6 Bf5 31. Rd2 Ne6 32. Nd6 Nxd6 33. Rdxd6 Nd8 34. Rxa6 Rc8 35. h3 Rc1+ 36. Kh2 Nf7 37. Ra8+ Kg7 38. Ra7 Rc2 39. Kg3 h4+ 40. Kxh4 Rxf2 41. Kg3 Rb2 42. Kf3 Kg8 43. Rd5 Be6 44. Rb5 Bc4 45. Rc5 Be2+ 46. Ke4 Bf1 47. Rc8+ Kg7 48. Rcc7 Bxg2+ 49. Kd4 Rd2+ 50. Kc3 Rf2 51. b5 Rf6 52. b6 Bd5 53. b7 Rb6 54. e4 Be6 55. Ra8 1-0

[Event "BCF-chT2 9899 (4NCL)"]
[Site "England"]
[Date "1998.10.25"]
[Round "2.1"]
[White "Brown, Stuart C"]
[Black "Cooper, Andrew"]
[Result "1-0"]
[WhiteElo "2376"]
[BlackElo "2145"]
[PlyCount "105"]
[EventDate "1998.10.??"]
[EventType "team"]
[EventRounds "11"]
[EventCountry "ENG"]
[SourceTitle "EXT 2000"]
[Source "ChessBase"]
[SourceDate "1999.11.16"]
[SourceVersion "1"]
[SourceVersionDate "1999.11.16"]
[SourceQuality "1"]
[WhiteTeam "White Rose"]
[BlackTeam "Invicta Knights Maidstone II"]
[WhiteTeamCountry "ENG"]
[BlackTeamCountry "ENG"]

1. f4 d5 2. Nf3 Nf6 3. e3 g6 4. b3 Bg7 5. Bb2 0-0 6. Be2 c5 7. 0-0 Nc6 8. Qe1 Bg4 9. Ne5 Bxe2 10. Nxc6 bxc6 11. Qxe2 Qd7 12. d3 Rfd8 13. Nd2 Ng4 14. Bxg7 Kxg7 15. e4 Nh6 16. Qf2 d4 17. Nc4 e6 18. Qd2 Qc7 19. Rae1 f6 20. Qa5 Qxa5 21. Nxa5 Rdb8 22. h3 Nf7 23. g4 Rb5 24. Nc4 Rb7 25. e5 f5 26. Kf2 Nh6 27. Nd6 Re7 28. Kg3 Rf8 29. c3 dxc3 30. Rc1 Rd8 31. Rxc3 Nf7 32. gxf5 gxf5 33. Nc4 Red7 34. Nb2 Kh6 35. Rxc5 Rg8+ 36. Kf2 Nd8 37. Rcc1 Kh5 38. Rg1 Rxg1 39. Rxg1 Kh4 40. Kf3 c5 41. Ke3 Nc6 42. Na4 Rd5 43. Rc1 Kxh3 44. Rh1+ Kg2 45. Rxh7 Nb4 46. Rxa7 Rxd3+ 47. Ke2 Rd4 48. Rg7+ Kh3 49. Nxc5 Rxf4 50. Nxe6 Rg4 51. Kf3 Nd3 52. Rh7+ Rh4 53. Ng5+ 1-0

[Event "BCF-ch 85th"]
[Site "Torquay"]
[Date "1998.??.??"]
[Round "2"]
[White "Coleman, David"]
[Black "Cooper, Andrew"]
[Result "0-1"]
[WhiteElo "2240"]
[BlackElo "2145"]
[PlyCount "86"]
[EventDate "1998.08.??"]
[EventType "swiss"]
[EventRounds "11"]
[EventCountry "ENG"]
[SourceTitle "CBM 066 Extra"]
[Source "ChessBase"]
[SourceDate "1998.11.06"]
[SourceVersion "1"]
[SourceVersionDate "1998.11.06"]
[SourceQuality "1"]

1. e4 e6 2. d4 d5 3. Nc3 Bb4 4. e5 c5 5. a3 Bxc3+ 6. bxc3 Ne7 7. Qg4 Kf8 8. h4 b6 9. h5 h6 10. Rh3 Ba6 11. Rf3 Nf5 12. Qf4 Bxf1 13. Kxf1 Qg5 14. Qh2 Qh4 15. Rh3 Qe4 16. Ra2 cxd4 17. g4 Ne7 18. f3 Qh7 19. cxd4 Nbc6 20. Ne2 Rc8 21. f4 Na5 22. Ng3 Rc4 23. Qf2 f5 24. exf6 gxf6 25. Rh2 Nec6 26. Be3 Ke7 27. Qd2 Rg8 28. Rh4 Rc8 29. f5 e5 30. Ne2 exd4 31. Bxd4 Qg7 32. Qe3+ Kf8 33. Qf4 Re8 34. Qd6+ Qe7 35. Qxf6+ Qxf6 36. Bxf6 Ree4 37. c3 Rxg4 38. Rh3 Rce4 39. Bd4 Nxd4 40. cxd4 Nc4 41. Kf2 Rg5 42. Ng3 Rxd4 43. Re2 Rf4+ 0-1

[Event "BCF-chT 9697 (4NCL)"]
[Site "England"]
[Date "1996.10.20"]
[Round "2.5"]
[White "Dickenson, Neil F"]
[Black "Cooper, Andrew"]
[Result "1-0"]
[WhiteElo "2300"]
[BlackElo "2135"]
[PlyCount "125"]
[EventDate "1996.10.??"]
[EventType "team"]
[EventRounds "12"]
[EventCountry "ENG"]
[SourceTitle "EXT 1999"]
[Source "ChessBase"]
[SourceDate "1998.11.16"]
[SourceVersion "1"]
[SourceVersionDate "1998.11.16"]
[SourceQuality "1"]
[WhiteTeam "Invicta Knights Maidstone"]
[BlackTeam "Bristol"]
[WhiteTeamCountry "ENG"]
[BlackTeamCountry "ENG"]

1. d4 Nf6 2. Nf3 b6 3. c4 Bb7 4. Nc3 e6 5. a3 d5 6. cxd5 exd5 7. g3 Be7 8. Bg2 0-0 9. Ne5 Nbd7 10. Nc4 c6 11. Ne3 g6 12. b4 a6 13. 0-0 Ne8 14. Qb3 Nc7 15. Nc2 Ne6 16. Bh6 Re8 17. Rad1 Nf6 18. f3 Qc7 19. e4 Rad8 20. e5 Nd7 21. f4 Ng7 22. Bxg7 Kxg7 23. f5 f6 24. e6 Nf8 25. g4 Bd6 26. h3 g5 27. Ne3 Bh2+ 28. Kh1 Bf4 29. Ne2 Bd6 30. Rfe1 Qe7 31. Nf1 Kg8 32. Nfg3 h6 33. Nh5 Nh7 34. Ng1 Qc7 35. Qb2 Qe7 36. Rc1 Rf8 37. Nf3 Rde8 38. Rc2 Kh8 39. Qc1 Rc8 40. h4 Kg8 41. Qb1 Kh8 42. Rb2 Rce8 43. Rf1 Rc8 44. Re1 Rce8 45. Rf2 Ba8 46. Qd3 Bb7 47. hxg5 hxg5 48. Ng1 Bc7 49. Re3 Kg8 50. Rh3 Bd6 51. Nf3 Qc7 52. Re2 Re7 53. Qe3 Qd8 54. Rf2 Qc7 55. Nxg5 fxg5 56. f6 Bf4 57. fxe7 Qxe7 58. Qd3 Bc8 59. Qg6+ Kh8 60. Nxf4 gxf4 61. Bf1 Qg7 62. Rxh7+ Qxh7+ 63. Rh2 1-0